Nieoficjalne Kraje Europy - Statystyki

Ogólne statystyki
  • Ten quiz został rozwiązany 130 razy
  • Średni wynik to 5 z 15
Statystyki odpowiedzi
Odpowiedź % Poprawnych
Naddniestrze
57%
Szkocja
48%
Gibraltar
47%
Walia
47%
Wyspy Owcze
46%
Irlandia Północna
44%
Anglia
40%
Wyspa Man
34%
Jersey
23%
Grenlandia
19%
Sealand
19%
Guernsey
17%
Wyspy Alandzkie
14%
Liberland
13%
Jan Mayen
9%
Nie znaleziono quizów pasujących do podanych kryteriów
Rozkład punktacji
Procent ludzi z każdym wynikiem
Percentyl według liczby udzielonych odpowiedzi
Twoja historia wyników
Nie rozwiązałeś tego quizu